Southville International School and Colleges
Your cart is empty.
  • Cart
  • Lists
    Public lists Eva Luna New books Lux_list list_1
    Your lists Log in to create your own lists
  • Log in to your account
  • Your cookies
  • Search history
Southville International School and Colleges
  • Advanced search
  • Recent comments
  • Most popular
  • Libraries

Log in to your account

Log in with GOOGLE


If you do not have an external account, but do have a local account, you can still log in:

  1. Home
  2. MARC view: Oh where, oh where has my little dog gone? /
Normal view MARC view ISBD view

Oh where, oh where has my little dog gone? / (Record no. 113619)

[ view plain ]
MARC details
000 -LEADER
fixed length control field 00755nam a2200205 a 4500
001 - CONTROL NUMBER
control field 3620
005 - DATE AND TIME OF LATEST TRANSACTION
control field 20140414132030.0
008 - FIXED-LENGTH DATA ELEMENTS--GENERAL INFORMATION
fixed length control field 040603s19uu xx 00 eng d
020 ## - INTERNATIONAL STANDARD BOOK NUMBER
International Standard Book Number 1-58089-005-9
050 ## - LIBRARY OF CONGRESS CALL NUMBER
Classification number TR
Item number OH9 1995
100 ## - MAIN ENTRY--PERSONAL NAME
Personal name Trapani, Iza
245 ## - TITLE STATEMENT
Title Oh where, oh where has my little dog gone? /
Statement of responsibility, etc as told and illustrated by Iza Trapani.
260 ## - PUBLICATION, DISTRIBUTION, ETC. (IMPRINT)
Place of publication, distribution, etc Dallas :
Name of publisher, distributor, etc Whispering Coyote Press,
Date of publication, distribution, etc 1995.
300 ## - PHYSICAL DESCRIPTION
Extent 1 v. (unp.) : ill. ; cm.
500 ## - GENERAL NOTE
General note TR/PS
520 ## - SUMMARY, ETC.
Summary, etc An expanded version of the well-known song, in which the dog runs away from home and explores the desert, mountains and oceans before deciding that home is best music.
650 ## - SUBJECT ADDED ENTRY--TOPICAL TERM
Topical term or geographic name as entry element Children's songs
General subdivision Texts.
650 ## - SUBJECT ADDED ENTRY--TOPICAL TERM
Topical term or geographic name as entry element Dogs
General subdivision Songs and music.
Holdings
Withdrawn status Lost status Damaged status Use restrictions Home library Current library Shelving location Date acquired Source of acquisition Total Checkouts Full call number Barcode Date last seen Price effective from Koha item type
        Munich Library Munich Library Teachers Reference Section 06/03/2004     TR OH9 1995 M5217 04/14/2014 04/14/2014 Books

Oh where, oh where has my little dog gone? /

APA

Trapani I., . (1995). Oh where, oh where has my little dog gone?. Dallas: Whispering Coyote Press.

Chicago

Trapani Iza, . 1995. Oh where, oh where has my little dog gone?. Dallas: Whispering Coyote Press.

Harvard

Trapani I., . (1995). Oh where, oh where has my little dog gone?. Dallas: Whispering Coyote Press.

MLA

Trapani Iza, . Oh where, oh where has my little dog gone?. Dallas: Whispering Coyote Press. 1995.

  • Place hold
  • Print
  • Cite
  • Add to your cart (remove)
  • Save record
    BIBTEX Dublin Core MARCXML MARC (non-Unicode/MARC-8) MARC (Unicode/UTF-8) MARC (Unicode/UTF-8, Standard) MODS (XML) RIS
  • More searches
    Search for this title in:
    Other Libraries (WorldCat) Other Databases (Google Scholar) Online Stores (Bookfinder.com) Open Library (openlibrary.org)

Exporting to Dublin Core...

SOUTHVILLE LIBRARY

Southville International School and Colleges Library

1281 Tropical Ave. Cor. Luxembourg St., BF Homes International, Las Pinas City

Tel. No. 8256374 / 252358 Loc. 117/146

Powered by Koha